000 00603nam a2200229Ia 4500
003 OSt
005 20221006164424.0
006 a|||||r|||| 00| 0
007 ta
008 221006b |||||||| |||| 00| 0 eng d
024 _a1,213
037 _cTextual
040 _aFML
_cFML
_beng
041 _2eng
_aeng
082 _aNW56wM801, P9
100 _aKaushik Manav Au.
_9677440
245 0 _aRecallecting Charlie
260 _aGurugram
_bShubhi Publication
_c2009
300 _a425
_ccm.
942 _hNW56wM801, P9
_cTEXL
_2CC
999 _c1117216
_d1117216